Ζητήματα μεταβυζαντινής ζωγραφικής : στη μνήμη του Μανόλη Χατζηδάκη = Topics in post-Byzantine painting : in memory of Manolis Chatzidakis

Αποθηκεύτηκε σε:
Λεπτομέρειες βιβλιογραφικής εγγραφής
Συλλογικό Έργο: Εθνικό Ιδρυμα Ερευνών Ινστιτούτο Νεοελληνικών Ερευνών, Χριστιανική Αρχαιολογική Εταιρεία
Άλλοι συγγραφείς: Δρακοπούλου, Ευγενία (Επιμελητής έκδοσης)
Μορφή: Βιβλίο
Γλώσσα:Greek
English
French
Δημοσίευση: Αθήνα : Ινστιτούτο Νεοελληνικών Ερευνών, Χριστιανική Αρχαιολογική Εταιρεία, 2002
Θέματα:
Ετικέτες: Προσθήκη ετικέτας
Δεν υπάρχουν, Καταχωρήστε ετικέτα πρώτοι!

MARC

LEADER 00000nam a2200000 i 4500
001 1/80866
008 080408s2002 gre d
020 |a 960-7916-21-2 
035 |l 10096325 
040 |a GR-MY-UA  |b gre  |e aacr 
041 0 |a gre  |a eng  |h fre 
082 0 |a 704.9482  |2 (22) 
110 2 |a Εθνικό Ιδρυμα Ερευνών  |b Ινστιτούτο Νεοελληνικών Ερευνών. 
245 1 0 |a Ζητήματα μεταβυζαντινής ζωγραφικής :  |b στη μνήμη του Μανόλη Χατζηδάκη = Topics in post-Byzantine painting : in memory of Manolis Chatzidakis /  |c Ινστιτούτο Νεοελληνικών Ερευνών, Εθνικό Ίδρυμα Ερευνών ; Χριστιανική Αρχαιολογική Εταιρεία ; επιμέλεια Ευγενία Δρακοπούλου 
260 |a Αθήνα :   |b Ινστιτούτο Νεοελληνικών Ερευνών,   |b Χριστιανική Αρχαιολογική Εταιρεία,   |c 2002 
300 |a 342 σ.;  |b εικ., χάρτες;  |c 29 εκ. 
500 |a Πρακτικά επιστημονικού διημέρου 28-29 Μαϊου 1999 
504 |a Περιέχει βιβλιογραφικές παραπομπές 
650 0 0 |a Icon painting  |x Congresses. 
650 0 0 |a Mural painting and decoration, Medieval  |x Congresses. 
650 0 0 |a Icons, Greek  |x Congresses. 
700 1 |a Δρακοπούλου, Ευγενία.  |4 edt 
710 2 |a Χριστιανική Αρχαιολογική Εταιρεία. 
852 |a INST  |b LESVOS  |e 20080408  |h 704.9482 ΕΘΝ  |p 005100038664  |q 005100038664  |t BK  |y 0 
901 |a BIBL1-2008-1 
909 |a Λ  |b 144552 
922 |a 1ΕΛΗ  |b 200801  |c ΕΠΕΑΕΚ2/ΤΚΑ  |d Σ. ΠΑΤΑΚΗΣ 
970 |a ΓΙΑΛΑΜΑ  |b ΜΑΡΙΑ  |z 2008/04/08